000 00263nam a22001217a 4500
020 _a0-00-433072-2
082 _a423 NEW'B
100 _aBAY
_972755
245 _aTHE NEW NATIOANAL DICTIONARY
260 _aLONDON
_bCOLLINS
_c1977
300 _a576P
942 _cBK
999 _c581486
_d581486